| 000 | 00694nam a2200229 a 4500 | ||
|---|---|---|---|
| 001 | 13161 | ||
| 003 | BD-JhCC | ||
| 005 | 20230715121901.0 | ||
| 008 | 230623s2017 bg |||| |||| 001 0 ben d | ||
| 020 | _a9789849092285 | ||
| 035 | _a(BD-JhCC) 13161 | ||
| 040 |
_aBD-JhCC _dBD-JhCC |
||
| 041 | _aben | ||
| 082 |
_a891.4415 _bHAI 2017 |
||
| 100 | _aহায়দার, জাহিদ | ||
| 245 |
_aঅববাহিকায় / _cজাহিদ হায়দার |
||
| 260 |
_aঢাকা : _bআগামী প্রকাশনী, _c২০০৬. |
||
| 300 |
_a৭৯ পৃ. : _c২১ সেমি. |
||
| 650 | _aselected poems | ||
| 942 |
_2ddc _cBK _02 |
||
| 999 |
_c13161 _d13161 |
||